000 00667nam a2200253Ia 4500
005 20260121154929.0
008 008 260114s9999 xx 000 0 eng d
020 _a9780429261411
037 _aEBOOK
040 _aCRL
040 _beng
040 _cCRL
041 _2eng
041 _aeng
084 _qCRL
100 _a Anita Pelle; Krisztina Arat¢; Boglarka Koller
_91013271
245 4 _aThe Political Economy of the Eurozone in Central and Eastern Europe
260 _bTaylor and Francis
260 _c2021
856 _uhttp://www.taylorfrancis.com/books/9780429261411
942 _cEBOOK
999 _c1580090
_d1580090